00842 a2200157 45000010006000000050017000060080041000230030015000640400040000790800104001192450073002232640032002963000019003285050311003471000026006582718320260407155548.0260407a1962 arg spa dAR-UNSa-BCEJYS aAR-UNSa-BCEJYSbspacAR-UNSa-BCEJYS a347.736xQuiebra. Insolvencia. Suspensión de pagos. Bancarrota, procedimientos. Derecho Concursal10aQuiebra y tributospproyecciones de quiebra en el derecho tributario 1aBuenos Aires :bEDIARc1962 a365 p.c20 cm. a1. Parte general - 2. Derecho substancial - 3. La quiebra y la determinación de la obligación tributaria - 4. Derecho procesal - La acción por crédito tributarios en caso de quiebra del contribuyente - 5. Comentarios sobre casos de aplicación referentes a quiebra e impuestos - 6. Jurisprudencia.1 aTarantino, Jacinto R.